000 00628nam a22002297a 4500
003 UA-OsUOA
001 92450
007 ta
008 20121218b un ||||| |||| 00| 0 ukr d
100 _aУкраїнка Л.
090 _a821.161.2
_bУ45
942 _cBK
040 _aUA-OsUOA
_bukr
_cUA-OsUOA
_dUA-OsUOA
245 _aТвори в п'яти томах
_b5
_cЛисти 1881-1913
300 _a862 с.
955 _a3
041 _aukr
080 _a821.161.2
260 _aК.
_bДержлітвидав
_c1956
650 7 _a82 Література. Літературознавство
_2UDC
999 _c378695
_d378695